Quizz Culture générale autour du mot "CARTE" - Statistiques

Statistiques générales
  • Ce quiz a été pris 50 fois
  • Le résultat moyen est 13 sur 30
Statistiques - réponses
Question Réponse % Correct
Etre libre d'agir à sa guise c'est avoir carte... blanche
88%
Papier cartonné rectangulaire souvent de format A6 qui voyage par la poste... carte postale
88%
On peut consulter une carte... dans un restaurant
88%
Une carte d'alimentation est un carte formée de tickets détachables dans le cadre d'un rationnement
88%
Comment appelle-t-on couramment la carte de résident permanent aux Etats-Unis green card
88%
Les élèves sont affectés dans les établissements scolaires selon... la carte scolaire
75%
Que porte une carte à puce ? un circuit intégré
75%
Quel élément n'existe pas dans votre ordinateur ? une carte virtuelle
75%
Tromper son monde c'est brouiller les cartes
63%
Trois de ces expressions désignent la même chose, quel est l'intrus Carte heuristique
63%
Sur les cartes routières françaises, les route départementales sont représentées en jaune
63%
La carte géographique est le nom d'une espèce de papillon
50%
Une carte anaglyptique est destinée... aux non-voyants
38%
La carte interzone a existé... entre la zone occupée et la zone libre en France de 1940 à 1942
38%
La carte en T est Une carte du monde médiévale
38%
La carte routière Michelin est apparue en 1905
25%
Quand sont apparues les premières cartes d'état-major ? au XIXe siècle
25%
Quelle carte n'existe pas à la SNCF ? Avantage militaire
25%
Qu'est ce qui est faux concernant la carte nationale d'identité actuelle en France elle est obligatoire
25%
Quand on corne le coin en haut à droit d'une carte de visite lors d'un enterrement par exemple cela signifie... qu'on est venu à l'enterrement en personne
25%
Autrefois dans les cabines téléphoniques on utilisait des cartes de téléphone aussi appelées en France télécarte
25%
Qu'est un bureau à la carte ? un bureau à louer au temps
25%
Au tableau autrefois l'instituteur accrochait quelquefois autrefois... une carte muette
25%
Sur une carte routière au 1/10 000e 1 centimètre représente 100 m
13%
La couleur d'une carte à jouer est appelée enseigne
13%
Que signifie "p.p.c." qu'on pouvait écrire sur une carte de visite autrefois Pour prendre congé
13%
Quelle est la particularité de la carte d'identité de fin 1940 à fin 1955 elle est obligatoire
0%
Quelle carte n'existe pas en mathématiques ? La carte Zeno
0%
Qu'est ce qui est admis pour la photo figurant sur une carte d'identité ? les lunettes fines
0%
La carte du Tendre a été créée par les Précieuses s'inspirant d'un roman de Madeleine de Scudéry
0%
Aucun quiz correspondant
Distribution des résultats
% des personnes avec chaque résultat
Percentile par nombre de réponses
Votre historique - résultats
Vous n’avez pas pris ce quiz